MARC details
| 000 -LEADER |
| fixed length control field |
01284nam a22003614a 4500 |
| 001 - CONTROL NUMBER |
| control field |
FLCbl2006013006 |
| 003 - CONTROL NUMBER IDENTIFIER |
| control field |
CoBoFLC |
| 005 - DATE AND TIME OF LATEST TRANSACTION |
| control field |
20181118173344.0 |
| 008 - FIXED-LENGTH DATA ELEMENTS--GENERAL INFORMATION |
| fixed length control field |
060522r19951995nyua j 000 1 spa d |
| 010 ## - LIBRARY OF CONGRESS CONTROL NUMBER |
| LC control number |
bl2006013006 |
| 020 ## - INTERNATIONAL STANDARD BOOK NUMBER |
| International Standard Book Number |
0590131591 (pbk.) |
| 020 ## - INTERNATIONAL STANDARD BOOK NUMBER |
| International Standard Book Number |
9780590131599 (pbk.) |
| 040 ## - CATALOGING SOURCE |
| Original cataloging agency |
NjBwBT |
| Transcribing agency |
NjBwBT |
| Modifying agency |
CoBoFLC |
| 041 1# - LANGUAGE CODE |
| Language code of text/sound track or separate title |
spa |
| Language code of original |
eng |
| 100 1# - MAIN ENTRY--PERSONAL NAME |
| Personal name |
Brown, Margaret Wise, |
| Dates associated with a name |
1910-1952. |
| 240 10 - UNIFORM TITLE |
| Uniform title |
<a href="Goodnight moon.">Goodnight moon.</a> |
| Language of a work |
Spanish. |
| 245 10 - TITLE STATEMENT |
| Title |
Buenas noches, Luna / |
| Statement of responsibility, etc. |
por Margaret Wise Brown ; ilustraciones de Clement Hurd ; traducci©đn de Teresa Mlawer. |
| 260 ## - PUBLICATION, DISTRIBUTION, ETC. (IMPRINT) |
| Place of publication, distribution, etc. |
New York, N.Y. : |
| Name of publisher, distributor, etc. |
Scholastic, |
| Date of publication, distribution, etc. |
c1995. |
| 300 ## - PHYSICAL DESCRIPTION |
| Extent |
1 v. (unpaged) : |
| Other physical details |
ill. (some col.) ; |
| Dimensions |
18 x 21 cm. |
| 500 ## - GENERAL NOTE |
| General note |
Originally published: New York : HarperCollins, 1995. |
| 520 ## - SUMMARY, ETC. |
| Summary, etc. |
Before going to sleep, a little rabbit says goodnight to many different things. |
| 521 2# - TARGET AUDIENCE NOTE |
| Target audience note |
Preschool. |
| 650 #0 - SUBJECT ADDED ENTRY--TOPICAL TERM |
| Topical term or geographic name as entry element |
Bedtime |
| Form subdivision |
Juvenile fiction. |
| 650 #0 - SUBJECT ADDED ENTRY--TOPICAL TERM |
| Topical term or geographic name as entry element |
Rabbits |
| Form subdivision |
Juvenile fiction. |
| 650 #1 - SUBJECT ADDED ENTRY--TOPICAL TERM |
| Topical term or geographic name as entry element |
Bedtime |
| Form subdivision |
Fiction. |
| 650 #1 - SUBJECT ADDED ENTRY--TOPICAL TERM |
| Topical term or geographic name as entry element |
Rabbits |
| Form subdivision |
Fiction. |
| 655 #0 - INDEX TERM--GENRE/FORM |
| Genre/form data or focus term |
Picture books for children. |
| 655 #1 - INDEX TERM--GENRE/FORM |
| Genre/form data or focus term |
Spanish language materials. |
| 655 #7 - INDEX TERM--GENRE/FORM |
| Genre/form data or focus term |
Materiales en espa©łol. |
| Source of term |
local. |
| 700 1# - ADDED ENTRY--PERSONAL NAME |
| Personal name |
Hurd, Clement, |
| Dates associated with a name |
1908-1988, |
| Relator term |
illustrator. |
| 700 1# - ADDED ENTRY--PERSONAL NAME |
| Personal name |
Mlawer, Teresa. |
| 942 ## - ADDED ENTRY ELEMENTS (KOHA) |
| Koha item type |
Libro/Book |